Sports Quiz

Random Sports or MLB Quiz

MLB: Highest SO/BB Ratios Quiz Stats

Quiz not verified by Sporcle

Challenge
Share
Tweet
Embed
Score 0/57 Timer 06:00
0 Plays Today
SO/BB Pitcher % Correct
8.85Greg Maddux
98.7%
7.87Greg Maddux
98.7%
6.41Greg Maddux
98.7%
6.14Greg Maddux
98.7%
5.03Greg Maddux
98.7%
5.50Curt Schilling
97.9%
9.58Curt Schilling
97.9%
7.51Curt Schilling
97.9%
6.59Randy Johnson
97.9%
6.54Curt Schilling
97.9%
6.06Curt Schilling
97.9%
5.80Curt Schilling
97.9%
5.24Randy Johnson
97.9%
5.20Randy Johnson
97.9%
5.29Johan Santana
97.5%
5.21Johan Santana
97.5%
8.88Pedro Martinez
97.3%
8.46Pedro Martinez
97.3%
5.98Pedro Martinez
97.3%
10.28Cliff Lee
96.6%
5.67Cliff Lee
96.6%
5.00Cliff Lee
96.6%
7.30Roy Halladay
96%
6.38Roy Halladay
96%
6.29Roy Halladay
96%
5.94Roy Halladay
96%
5.28Roy Halladay
96%
5.02John Smoltz
88.2%
5.65CC Sabathia
83.4%
SO/BB Pitcher % Correct
8.25Ben Sheets
80.3%
5.10Mike Mussina
76.9%
5.62David Wells
75.6%
5.35David Wells
75.6%
5.10David Wells
75.6%
5.05David Wells
75.6%
5.05David Wells
75.6%
7.11Fergie Jenkins
74.8%
5.00Fergie Jenkins
74.8%
5.87Dan Haren
73.1%
5.82Dan Haren
73.1%
5.15Dan Haren
73.1%
5.06Josh Beckett
72.7%
5.50Brad Radke
62.2%
5.27Brad Radke
62.2%
5.09Brad Radke
62.2%
5.11James Shields
60.9%
5.24Kevin Brown
56.3%
5.41Javier Vazquez
46%
11.00Bret Saberhagen
39.1%
5.28Jose Lima
27.7%
5.32Shane Reynolds
22.5%
5.24Shane Reynolds
22.5%
7.89Carlos Silva
17.4%
5.67Jon Lieber
13%
5.28Rick Reed
12.2%
6.16Dennis Eckersley
10.1%
5.45Greg Swindell
7.4%

You're not logged in!

Compare scores with friends on all Sporcle quizzes.
Sign Up with Email
OR
Log In

You Might Also Like...

Show Comments

Extras

Top Quizzes Today


Score Distribution

Your Account Isn't Verified!

In order to create a playlist on Sporcle, you need to verify the email address you used during registration. Go to your Sporcle Settings to finish the process.